Types de logement - Statistiques

Statistiques générales
  • Ce quiz a été pris 233 fois
  • Le résultat moyen est 17 sur 33
Statistiques - réponses
Indice Réponse % Correct
Terme générique désignant un habitat en dur Maison
92%
En toile Tente
89%
Sur roues Caravane
83%
Bâtiment urbain Immeuble
76%
Logement inuit igloo
75%
Logement montagnard Chalet
74%
Unité d'habitation Appartement
73%
Sur roues et avec moteur Camping car
70%
Logement subventionné HLM
70%
Logement indien Tipi
66%
Logement de petite taille Studio
65%
Longtemps considérée comme habitat préhistorique Grotte
64%
Logement fortifié ou d'apparat Château
60%
Habitat mongol Yourte
60%
Logement provisoire Hôtel
59%
Habitat provisoire généralement en bois Cabane
57%
Logement implanté dans un ancien bâtiment industriel Loft
51%
Logement militaire Caserne
50%
...Toujours plus petit Chambre
50%
Habitat individuel cossu Villa
47%
Logement provençal Mas
44%
Habitat individuel de banlieue Pavillon
40%
Logement provisoire et très luxueux Palace
32%
Habitat du touriste rural (ou du lièvre) Gîte
31%
Possiblement sur roues Mobile home
27%
Grand habitat campagnard Manoir
26%
Grand logement d'apparat, pour nos gouvernants Palais
24%
Logement russe Isba
22%
Habitation rurale tout en longueur Longère
22%
... Encore plus petit Studette
22%
Habitat temporaire pour étapes de randonneurs Refuge
21%
Au nord... Coron
17%
Habitation fortifiée du sud de la France Bastide
5%
Aucun quiz correspondant
Distribution des résultats
% des personnes avec chaque résultat
Percentile par nombre de réponses
Votre historique - résultats
Vous n’avez pas pris ce quiz